000 00228nam a22000977a 4500
999 _c16196
_d16196
003 OSt
008 200619b ||||| |||| 00| 0 eng d
100 _aC C ouseph & K vanadan
_94617
245 _aPre- University physics
942 _cBK